Evidencia služobných jázd : Bakalárska práca

Saved in:
Bibliographic Details
Main Author: Kovačič, Milan (Author)
Other Authors: Husárová, Bohuslava (xxx)
Format: Manuscript Book
Language:Slovak
Published: Trnava : STU v Bratislave MtF KAIA, 2003
Subjects:
Tags: Add Tag
No Tags, Be the first to tag this record!

MARC

LEADER 00000ntm a22000003a 4500
001 stu84285
005 20160719154743.6
008 040225s2003----xo------------------slo-d
040 |a STU  |b slo 
041 0 |a slo 
044 |a xo 
100 1 |a Kovačič, Milan  |4 aut 
245 1 |a Evidencia služobných jázd :  |b Bakalárska práca 
260 |a Trnava :  |b STU v Bratislave MtF KAIA,  |c 2003 
300 |a 40 s  |c príl 
650 7 |a systémy evidenčné  |2 stusub 
650 7 |a aplikovaná informatika a automatizácia v priemysle  |2 stusub 
700 1 |a Husárová, Bohuslava  |4 xxx  |u M180  |U MTF Materiálovotechnologická fakulta  |T MTF Katedra aplikovanej informatiky a automatizácie  |U M180  |Y 166 
996 |b 284M055090  |c M*BP-490  |l MMSKP  |s P  |a 0  |w stu84285_0001